| 000 | 00638nam a22001937a 4500 | ||
|---|---|---|---|
| 005 | 20251108173726.0 | ||
| 008 | 250721s2007 xx 000 0 ara d | ||
| 082 | 1 | 4 | _a658.403/شمر |
| 100 | 1 |
_aالشمرتي، حامد سعد نور _eمؤلف |
|
| 245 | 1 | 0 | _aمدخل إلى بحوث العمليات / |
| 264 | 1 |
_aعمان : _bدار مجدلاوي للنشر والتوزيع، _c2007. |
|
| 300 | _a520 ص. | ||
| 650 | 1 | 7 | _aبحوث العمليات |
| 650 | 1 | 7 | _aاداره الاعمال |
| 650 | 1 | 7 | _aالاداره التنفيذيه |
| 700 | 1 | _aالزبيدي، علي خليل | |
| 942 |
_2ddc _cBK |
||
| 999 |
_c110892 _d110892 |
||